Zwycięzcy Turnieju Czterech Skoczni - Statystyki

Ogólne statystyki
  • Ten quiz został rozwiązany 108 razy
    38 od ostatniego zresetowania
  • Średni wynik to 33 z 75
Statystyki odpowiedzi
Wskazówka Odpowiedź % Poprawnych
2000 / 2001 Adam Małysz
100%
2016 / 2017 Kamil Stoch
100%
2017 / 2018 Kamil Stoch
100%
2020 / 2021 Kamil Stoch
100%
2025 / 2026 Domen Prevc
97%
2015 / 2016 Peter Prevc
97%
1998 / 1999 Janne Ahonen
94%
2002 / 2003 Janne Ahonen
94%
2004 / 2005 Janne Ahonen
94%
2005 / 2006 Janne Ahonen
94%
2007 / 2008 Janne Ahonen
94%
2018 / 2019 Ryoyu Kobayashi
94%
2021 / 2022 Ryoyu Kobayashi
94%
2023 / 2024 Ryoyu Kobayashi
94%
2019 / 2020 Dawid Kubacki
91%
2014 / 2015 Stefan Kraft
88%
2010 / 2011 Thomas Morgenstern
88%
2011 / 2012 Gregor Schlierenzauer
84%
2012 / 2013 Gregor Schlierenzauer
84%
2022 / 2023 Halvor Egner Granerud
84%
2001 / 2002 Sven Hannawald
81%
2005 / 2006 Jakub Janda
78%
2024 / 2025 Daniel Tschofenig
75%
2009 / 2010 Andreas Kofler
69%
2013 / 2014 Thomas Diethart
69%
1982 / 1983 Matti Nykanen
66%
1987 / 1988 Matti Nykanen
66%
2008 / 2009 Wolfgang Loitzl
63%
1997 / 1998 Kazuyoshi Funaki
59%
1996 / 1997 Primoż Peterka
59%
2006 / 2007 Anders Jacobsen
56%
1992 / 1993 Andreas Goldberger
53%
1994 / 1995 Andreas Goldberger
53%
2003 / 2004 Sigurd Pettersen
50%
1993 / 1994 Espen Bredesen
47%
1983 / 1984 Jens Weissflog
41%
1984 / 1985 Jens Weissflog
41%
1990 / 1991 Jens Weissflog
41%
1995 / 1996 Jens Weissflog
41%
1991 / 1992 Toni Nieminen
38%
1989 / 1990 Dieter Thoma
31%
1970 / 1971 Jiri Raska
28%
1999 / 2000 Andreas Widholzl
25%
1979 / 1980 Hubert Neuper
25%
1980 / 1981 Hubert Neuper
25%
1972 / 1973 Rainer Schmidt
19%
1966 / 1967 Bjorn Wirkola
13%
1967 / 1968 Bjorn Wirkola
13%
1968 / 1969 Bjorn Wirkola
13%
1985 / 1986 Ernst Vettori
13%
1986 / 1987 Ernst Vettori
13%
1953 Josef Bradl
13%
1957 / 1958 Helmut Recknagel
9%
1958 / 1959 Helmut Recknagel
9%
1960 / 1961 Helmut Recknagel
9%
1973 / 1974 Hans-Georg Aschenbach
6%
1988 / 1989 Risto Laakkonen
6%
1969 / 1970 Horst Queck
3%
1971 / 1972 Ingolf Mork
3%
1975 / 1976 Jochen Danneberg
3%
1976 / 1977 Jochen Danneberg
3%
1981 / 1982 Manfred Deckert
3%
1955 / 1956 Nikolay Kamenskiy
3%
1978 / 1979 Pentti Kokkonen
3%
1956 / 1957 Pentti Uotinen
3%
1962 / 1963 Toralf Engan
3%
1963 / 1964 Veikko Kankkonen
3%
1965 / 1966 Veikko Kankkonen
3%
1961 / 1962 Eino Kirjonen
0%
1954 / 1955 Hemmo Silvennoinen
0%
1977 / 1978 Kari Ylianttila
0%
1959 / 1960 Max Bolkart
0%
1953 / 1954 Olaf B. Bjornstad
0%
1964 / 1965 Torgeir Brandtzaeg
0%
1974 / 1975 Willi Purstl
0%
Nie znaleziono quizów pasujących do podanych kryteriów
Rozkład punktacji
Procent ludzi z każdym wynikiem
Percentyl według liczby udzielonych odpowiedzi
Twoja historia wyników
Nie rozwiązałeś tego quizu od ostatniego zresetowania